Представление документа в формате RUSMARC

ПолеНазваниеЗначение
  Тип записи c
  Библиографический уровень m
001 Контрольный номер RU/УОНБ/EK_N/322860950
005 Дата корректировки 20250520122203.5
010 Индекс ISBN __
9 Тираж 35000 экз.
013 Номер (ISMN) __
d Цена 747 р.
071 Издательские номер (звукозапись и ноты) 21
a Номер, присвоенный агентством 9603
100 Данные общей обработки __
a Данные общей обработки 20191121d1992 u y0rusy0103||||ba
101 Язык документа 0_
a Язык текста rus
f Язык титульного листа rus
102 Страна публикации __
a Страна публикации RU
125 Кодированные данные звукозаписи и нотных изданий __
a Форма изложения нотного текста z|
128 Кодированные данные (звукозаписи-физические характеристики) __
a Кодированные данные: Музыкальная форма и тональность или лад rmz
c Инструменты или голоса, рекомендуемые для солистов (устаревшее) vu||
200 Заглавие и сведения об ответственности 1_
a Заглавие Мой костёр
b Общее обозначение материала Ноты
e Сведения, относящиеся к заглавию старин. романсы, исполнявшиеся цыганами
e Сведения, относящиеся к заглавию для голоса и семиструн. гитары
f Первые сведения об ответственности сост. Н. Морозов
210 Выходные данные 1_
a Место издания Москва
c Издательство Советский композитор
d Дата издания 1992
215 Физическое описание __
a Объем 40 с.
d Формат 29 см
300 Общие примечания __
a Общие примечания [С предисл.]
327 Примечание о содержании 11
a Примечание о содержании Содерж. : Когда душа полна... ; Я не могу любить ; Зачем я влюбился? ; В час роковой ; Очи чёрные ; Глядя на луч ; Я не скажу тебе / сл. и муз. неизв. авт. - Сарахтин. Я ждал тебя / сл. А. Апухтина. - Булахов П. Не пробуждай воспоминанья / сл. Н. Н. ; Расставаясь, она говорила / сл. Н. Жодейко. - Фомин Б. О, позабудь! / сл. неизв. авт. ; Твои глаза зелёные / сл. К. Подревского. - Шереметьев Б. Я вас любил / сл. А. Пушкина. - Муз. неиз. автора. Мой костёр / сл. Я. Полонского. - Кашевский А. Капризная / сл. А. Кашевского. - Данауров С. Пара гнедых / сл. А. Апухтина. - Гуэрчиа А. Нет, не любил он / сл. М. Медведева. - Прозоровский Б. Прощай, мой табор / сл. В. Маковского.
464 Аналитический уровень _0
1 2001
a Когда душа полна...
e Уйди, совсем уйди...
1 700 1
a Музыка неизвестного автора
1 702 1
a Слова неизвестного автора
4 520
464 Аналитический уровень _0
1 2001
a Я ждал тебя
e Я ждал тебя...
1 700 1
a Сарахтин
1 702 1
a Апухтин
b А.
4 520
464 Аналитический уровень _0
1 2001
a Не пробуждай воспоминанья
e Не пробуждай воспоминанья...
1 700 1
a Булахов
b П.
1 702 1
a Н.
b Н.
4 520
464 Аналитический уровень _0
1 2001
a О, позабудь!
e О, позабудь былые увлеченья...
1 700 1
a Фомин
b Б.
1 702 1
a Слова неизвестного автора
4 520
464 Аналитический уровень _0
1 2001
a Я вас любил
e Я вас любил : любовь ещё, быть может...
1 700 1
a Шереметьев
b Б.
1 702 1
a Пушкин
b А.
4 520
464 Аналитический уровень _0
1 2001
a Мой костёр
e Мой костёр в тумане светит...
1 700 1
a Музыка неизвестного автора
1 702 1
a Полонский
b Я.
4 520
464 Аналитический уровень _0
1 2001
a Капризная
e Капризная, упрямая...
1 700 1
a Кашевский
b А.
1 702 1
a Кашевский
b А.
4 520
464 Аналитический уровень _0
1 2001
a Пара гнедых
e Пара гнедых, запряжённых с зарёю...
1 700 1
a Данауров
b С.
1 702 1
a Апухтин
b А.
4 520
464 Аналитический уровень _0
1 2001
a Нет, не любил он
e Он говорил мне...
1 700 1
a Гуэрчиа
b А.
1 702 1
a Медведев
b М.
4 520
464 Аналитический уровень _0
1 2001
a Прощай, мой табор
e Цыганский быт и нравы стары...
1 700 1
a Прозоровский
b Б.
1 702 1
a Маковский
b В.
4 520
464 Аналитический уровень _0
1 2001
a Я не могу любить
e Не говори мне этих слов...
1 700 1
a Музыка неизвестного автора
1 702 1
a Слова неизвестного автора
4 520
464 Аналитический уровень _0
1 2001
a Зачем я влюбился?
e Зачем я влюбился в тебя...
1 700 1
a Музыка неизвестного автора
1 702 1
a Слова неизвестного автора
4 520
464 Аналитический уровень _0
1 2001
a В час роковой
e В час роковой, когда встретил тебя...
1 700 1
a Музыка неизвестного автора
1 702 1
a Слова неизвестного автора
4 520
464 Аналитический уровень _0
1 2001
a Очи чёрные
e Очи чёрные, очи страстные...
1 700 1
a Музыка неизвестного автора
1 702 1
a Слова неизвестного автора
4 520
464 Аналитический уровень _0
1 2001
a Глядя на луч
e Глядя на луч пурпурного заката...
1 700 1
a Музыка неизвестного автора
1 702 1
a Слова неизвестного автора
4 520
464 Аналитический уровень _0
1 2001
a Я не скажу тебе
e Я не скажу тебе, как жадно...
1 700 1
a Музыка неизвестного автора
1 702 1
a Слова неизвестного автора
4 520
464 Аналитический уровень _0
1 2001
a Расставаясь, она говорила
e Расставаясь, она говорила...
1 700 1
a Булахов
b П.
1 702 1
a Жодейко
b Н.
4 520
464 Аналитический уровень _0
1 2001
a Твои глаза зелёные
e Как хочется хоть раз...
1 700 1
a Фомин
b Б.
1 702 1
a Подревский
b К.
4 520
512 Заглавие обложки 1_
a Заглавие обложки Мой костёр
606 Тематические рубрики 0_
a Основная рубрика Романсы старинные
610 Ключевые слова 0_
a Ключевые слова романсы старинные
686 Индексы других классификаций __
a Классификационный индекс 85.943.4-64-043.3я43
2 Код системы rubbk
702 Вторичная интеллектуальная ответственность _1
a Фамилия Морозов
b Имя (инициалы) Н.
4 Код отношения 220
801 Источник записи _0
a Страна RU
b Организация Ульяновская ОНБ
c Дата составления 20191121
g Правила каталогизации RCR
801 Источник записи _1
a Страна RU
b Организация Ульяновская ОНБ
c Дата составления 20191121
901 Тип документа __
t Тип документа m
909 Создатель записи __
a Создатель записи Лобина Л. И.
938 Служебная информация __
a Имя БД noti
b Имя библиотеки УОНБ
c Имя АИБС МАРК-SQL
d Номер DOC_ID в БД 2672